Hotel Waldheim / (رقم التسجيلة. 154126)

تفاصيل مارك
000 -LEADER
fixed length control field 00760cam a2200265 i 4500
008 - FIXED-LENGTH DATA ELEMENTS--GENERAL INFORMATION
fixed length control field 180828s2018 fr 000 1 fre
010 ## - LIBRARY OF CONGRESS CONTROL NUMBER
LC control number 2018428728
020 ## - INTERNATIONAL STANDARD BOOK NUMBER
International Standard Book Number 9782878589887
040 ## - CATALOGING SOURCE
Original cataloging agency DLC
Language of cataloging eng
Transcribing agency DLC
050 00 - LIBRARY OF CONGRESS CALL NUMBER
Classification number PQ2682.A3918
Item number H68 2018
082 00 - DEWEY DECIMAL CLASSIFICATION NUMBER
Classification number 843/.914
Edition number 23
092 04 - LOCALLY ASSIGNED DEWEY CALL NUMBER (OCLC)
Classification number 843.914
Item number V182
Edition number 21
099 ## - LOCAL FREE-TEXT CALL NUMBER (OCLC)
Classification number 04
-- 843.914 V182
100 1# - MAIN ENTRY--PERSONAL NAME
Personal name Vallejo, Francois,
Dates associated with a name 1960-
Relator term author.
245 10 - TITLE STATEMENT
Title Hotel Waldheim /
Statement of responsibility, etc. Francois Vallejo.
260 ## - PUBLICATION, DISTRIBUTION, ETC.
Place of publication, distribution, etc. [Paris] :
Name of publisher, distributor, etc. Viviane Hamy,
Date of publication, distribution, etc. [2018]
300 ## - PHYSICAL DESCRIPTION
Extent 297 p. ;
Dimensions 21 cm
600 10 - SUBJECT ADDED ENTRY--PERSONAL NAME
Personal name Vallejo, Francois,
Dates associated with a name 1960-
650 #0 - SUBJECT ADDED ENTRY--TOPICAL TERM
Topical term or geographic name entry element French fiction
Chronological subdivision 20th century.
902 ## - LOCAL DATA ELEMENT B, LDB (RLIN)
No. of Items 1
905 ## - LOCAL DATA ELEMENT E, LDE (RLIN)
Cataloger Ghada
Reviser Cat.
905 ## - LOCAL DATA ELEMENT E, LDE (RLIN)
Cataloger Jihan
Reviser Rev
942 ## - ADDED ENTRY ELEMENTS (KOHA)
Source of classification or shelving scheme Dewey Decimal Classification
Koha item type Books
المقتنيات
Source of classification or shelving scheme Not for loan Home library Current library Date acquired Full call number Barcode Date last seen Copy number Koha item type
Dewey Decimal Classification   المكتبة المركزبة الجديدة - جامعة القاهرة قاعة الثقاقات الاجنبية - الدور الثالث 11.02.2024 843.914 V182 Fre. 01000110204372000 05.07.2024 C.1 Books
Cairo University Libraries Portal Implemented & Customized by: Eng. M. Mohamady Contacts: new-lib@cl.cu.edu.eg | cnul@cl.cu.edu.eg
CUCL logo CNUL logo
© All rights reserved — Cairo University Libraries
CUCL logo
Implemented & Customized by: Eng. M. Mohamady Contact: new-lib@cl.cu.edu.eg © All rights reserved — New Central Library
CNUL logo
Implemented & Customized by: Eng. M. Mohamady Contact: cnul@cl.cu.edu.eg © All rights reserved — Cairo National University Library